banner koha

Produção de citros irrigados com água moderadamente salina (Registro n. 221764)

MARC details
000 -LÍDER
campo de controle de tamanho fixo 00919nas a2200313 4500
001 - NÚMERO DE CONTROLE
campo de controle BR2012005830
003 - IDENTIFICADOR DO NÚMERO DE CONTROLE
campo de controle BR-BrBNA
005 - DATA E HORÁRIO DA ÚLTIMA TRANSAÇÃO
campo de controle 20231205121103.0
007 - CAMPO FIXO DE DESCRIÇÃO FÍSICA--INFORMAÇÃO GERAL
campo de controle de tamanho fixo ta
008 - CAMPO DE DADOS FIXOS--INFORMAÇÃO GERAL
campo de controle de tamanho fixo 230509b bl.|||p| |||| 00| 00por d
040 ## - FONTE DA CATALOGAÇÃO
Instituição da catalogação original BR-BrBNA
Idioma da catalogação por
Instituição que transcreveu o registro Biblioteca Nacional de Agricultura
041 ## - CÓDIGO DE IDIOMA
Código do idioma do texto/trilha sonora ou título diferente (Pt)
072 ## - CÓDIGO DE CATEGORIA DE ASSUNTO
Código de Categoria de Assunto F06; F04
100 1# - ENTRADA PRINCIPAL--NOME PESSOAL
Nome pessoal Silva, F.V. da
100 1# - ENTRADA PRINCIPAL--NOME PESSOAL
Nome pessoal Soares, F.A.L.
100 1# - ENTRADA PRINCIPAL--NOME PESSOAL
Nome pessoal Gheyi, H.R.
100 1# - ENTRADA PRINCIPAL--NOME PESSOAL
Nome pessoal Travassos, K.D.
100 1# - ENTRADA PRINCIPAL--NOME PESSOAL
Nome pessoal Suassuna, J.F.
100 1# - ENTRADA PRINCIPAL--NOME PESSOAL
Nome pessoal Cardoso, J.A.F.
111 1# - ENTRADA PRINCIPAL--NOME DO EVENTO
Nome do evento ou lugar 4º WINOTEC
Local do evento Fortaleza, CE (Brazil)
Data do evento ou assinatura do tratado 28-31 May 2012
245 1# - TÍTULO
Título Produção de citros irrigados com água moderadamente salina
650 ## - ASSUNTO--TERMO TÓPICO
Cabeçalho tópico ou nome geográfico CITRICULTURA
650 ## - ASSUNTO--TERMO TÓPICO
Cabeçalho tópico ou nome geográfico IRRIGAÇÃO
650 ## - ASSUNTO--TERMO TÓPICO
Cabeçalho tópico ou nome geográfico SALINIDADE
650 ## - ASSUNTO--TERMO TÓPICO
Cabeçalho tópico ou nome geográfico PRODUTIVIDADE
773 0# - ENTRADA ANALÍTICA
Título Irriga (Brazil)
ISSN - International Standard Serial Number ISSN 1808-3765
Partes relacionadas (2012), nº. 1 p. 396-407
Número de controle do registro BR2012005830
909 ## -
-- 202311
-- Lúcia
-- 55
-- Lúcia Elande
942 ## - ELEMENTOS DE ENTRADA ADICIONADOS (KOHA)
Fonte da classificação ou esquema de arquivamento na estante Classificação AGRIS
Ocultar no OPAC Não
Tipo de material Koha Analítica
Exemplares
Situação do descarte Fonte da classificação ou esquema de arquivamento na estante Situação física Não pode ser emprestado Biblioteca de origem Biblioteca atual Localização na estante Enumeração do periódico / cronologia Total de empréstimos Data de último acesso Número do exemplar Tipo de material Koha Fonte de aquisição
  Classificação AGRIS   Consulta local Biblioteca Nacional de Agricultura - Binagri Biblioteca Nacional de Agricultura - Binagri   (2012), nº. 1 p. 396-407   29/11/2023 01 Periódicos Portaria Interministerial nº 164/94

BINAGRI

Telefone: (61)3218-2567/2388/3357/2097 - binagri@agro.gov.br

Ministério da Agricultura e Pecuária , Esplanada dos Ministérios, Bloco D, Anexo B, Brasília/DF, CEP: 70.043-900